00871nam a22002052 4500001001100000005001700011008004100028020001700069040001500086111009700101245021400198250001300412260004400425300001200469651005900481651005500540700003200595700003500627852000300662000001218520151217152108.0090213s xx 000 0 eng d a0821325582 : aKABUcKABU2 aWorld Bank Annual Coference on Development Economics cWashington, D. C :d1993.@000016842910aProceedings of the World Bank Annual Conference on Development Economics 1993 :bsupplement to the World Bank Economic Review and the World Bank Research Observer /ceditors, Michael Bruno and Boris Pleskovic. a1st ed. aWashington, D. C. :bWorld Bank,c1994. a489 p. 0aDeveloping countriesxEconomic conditions.@0000150056 0aDeveloping countriesxEconomic policy.@00001500571 aBruno, Michael.@00001634571 a Pleskovic, Boris.@00001579681